00538cam a2200193 i 4500020002500000041000800025082001600033100002100049245006200070260005100132300001900183490002100202650002800223650001500251650001800266650002700284650001700311700001600328 a9780801049149 (pbk.) aENG00a261.52bCAM1 aCampbell, Heidi,10aNetworked theology : Negotiating faith in digital Culture aUnited States of AmericabBaker Academicc2016 ax, 175 pages ;0 aEngaging culture 0aMass media in religion. 0aMass media 0aDigital media 0aDigital communications 0aSocial media1 aGarner, St.